La historia de las cosas (Record no. 123968)
[ view plain ]
| 000 -LEADER | |
|---|---|
| fixed length control field | 01217nam a22002777a 4500 |
| 005 - DATE AND TIME OF LATEST TRANSACTION | |
| control field | 20240115143740.0 |
| 008 - FIXED-LENGTH DATA ELEMENTS--GENERAL INFORMATION | |
| fixed length control field | | ag ad gr|||| 00| 0 spa|d |
| 020 ## - INTERNATIONAL STANDARD BOOK NUMBER | |
| International Standard Book Number | 9789505578504 |
| 050 04 - LIBRARY OF CONGRESS CALL NUMBER | |
| Classification number | GN406 |
| Item number | L46 2010 |
| 100 1# - MAIN ENTRY--PERSONAL NAME | |
| Personal name | Leonard, Annie. |
| Relator term | |
| 240 14 - UNIFORM TITLE | |
| Uniform title | The story of stuff.How our Obsession with Stuff is Trashing the Planet, our Communities, and our Health-and a Vision for Change. |
| Language of a work | Español. |
| 245 13 - TITLE STATEMENT | |
| Title | La historia de las cosas |
| Remainder of title | : de cómo nuestra obsesión por las cosas está destruyendo el planeta, nuestras comunidades y nuestra salud y una visión del cambio |
| Statement of responsibility, etc | / Annie Leonard con Ariane Conrad ; traducción de Lilia Mosconi. |
| 250 ## - EDITION STATEMENT | |
| Edition statement | 1a ed. |
| 260 ## - PUBLICATION, DISTRIBUTION, ETC. (IMPRINT) | |
| Place of publication, distribution, etc | Argentina : |
| Name of publisher, distributor, etc | Fondo de Cultura Económica, |
| Date of publication, distribution, etc | 2010 |
| 300 ## - PHYSICAL DESCRIPTION | |
| Extent | 392 p. : |
| Other physical details | il. ; |
| Dimensions | 23 cm. |
| 490 0# - SERIES STATEMENT | |
| Series statement | Tezontle |
| 500 ## - GENERAL NOTE | |
| General note | Incluye apéndice e índice |
| 650 #4 - SUBJECT ADDED ENTRY--TOPICAL TERM | |
| Topical term or geographic name as entry element | Codicia |
| General subdivision | Aspectos morales y éticos |
| 650 #4 - SUBJECT ADDED ENTRY--TOPICAL TERM | |
| Topical term or geographic name as entry element | Consumo (Economía) |
| General subdivision | Aspectos morales y éticos |
| 650 #4 - SUBJECT ADDED ENTRY--TOPICAL TERM | |
| Topical term or geographic name as entry element | Consumo (Economía) |
| General subdivision | Aspectos ambientales |
| 650 #4 - SUBJECT ADDED ENTRY--TOPICAL TERM | |
| Topical term or geographic name as entry element | Consumo (Economía) |
| General subdivision | Aspectos sociales |
| 650 #4 - SUBJECT ADDED ENTRY--TOPICAL TERM | |
| Topical term or geographic name as entry element | Desarrollo sustentable |
| 700 1# - ADDED ENTRY--PERSONAL NAME | |
| Personal name | Conrad, Ariane, |
| Relator term | autor |
| 700 1# - ADDED ENTRY--PERSONAL NAME | |
| Personal name | Mosconi, Lilia, |
| Relator term | traductor |
| 942 ## - ADDED ENTRY ELEMENTS (KOHA) | |
| Source of classification or shelving scheme | Biblioteca del Cogreso de los Estados Unidos |
| Koha item type | Libro |
| Estado de pérdida | Fuente de clasificación | Estado del daño | No para préstamo | Ubicación permanente | Ubicación actual | Apartado o colección | Fecha de adquisición | Fuente de adquisición | Edición | Enumeración de Serie / Cronológica | Dependencia de educación superior (DES) | Área del conocimiento | Clasificación | Código de Barras | Date last seen | Número de copia | Costo por reposición | Tipo de recurso |
|---|---|---|---|---|---|---|---|---|---|---|---|---|---|---|---|---|---|---|
| Biblioteca del Cogreso de los Estados Unidos | Uso interno Biblioteca | Biblioteca de la Facultad de Economía | Biblioteca de la Facultad de Economía | General | 12/01/2024 | Posgrado Unidad Académica | 1a ed. | Ciencias Económico Administrativas | Educación y Humanidades | GN406 L46 2010 | BFE000014460 | 18/01/2017 | 1 | 1.00 | Libro |